000 nam a22 7a 4500
999 _c126282
_d126282
008 170314b xxu||||| |||| 00| 0 eng d
050 _aBL2400.S958 1998
100 _aSundermeier, Theo
_929350
245 _aThe individual and community in African traditional religions
_cTheo Sundermeier
260 _aHamburg
_bLIT Verlag
_c1998
300 _avi, 258p. ;
_c21cm.
650 _aAfrica
_xReligion
_921261
942 _2lcc
_cMONOGRAPH